000 00944nam a2200229 i 4500
001 163490
003 ES-MaACL
005 20260130141736.0
008 951113s1859 fr a |||| | fre d
040 _aCLM
_bspa
_cCCPB | SIC
100 1 _aRich, Anthony.
_9131792
245 1 0 _aDictionnaire des antiquités romaines et grecques /
_cpor Anthony Rich ; traduit de L'anglais sous le direction de M. Chéruel.
260 _aParis :
_bLibrairie de Firmin Didot Fréres, Fils et C_ie,
_c1859.
300 _aXII, 740 p. :
_bil. ;
_c20 cm.
500 _aEn port. : "acompañado de 2.000 grabados según lo antiguo"
650 4 _aCivilización clásica-
_vDiccionarios.
_9159368
650 4 _aRestos arqueológicos griegos-
_vDiccionarios.
_9159369
650 4 _aRestos arqueológicos romanos-
_vDiccionarios.
_9159370
700 1 _aCheruel, Adolphe,
_d1809-1891
_9159360
852 _aES-MaACL
_jB-2096
_z-- Enc. hol.
999 _c163490
_d163490